The 100 Girlfriends Who Really Love You - Statistics

General Stats
  • This quiz has been taken 356 times
    267 since last reset
  • The average score is 24 of 29
Answer Stats
Number Name % Correct
1 Hanazono Hakari
99%
2 Inda Karane
99%
4 Eiai Nano
98%
6 Hanazono Hahari
98%
3 Yoshimoto Shizuka
98%
5 Yakuzen Kusuri
96%
8 Meido Mei
94%
7 Haraga Kurumi
93%
11 Kakure Meme
93%
10 Utsukushisugi Mimimi
93%
9 Sutou Iku
91%
20 Meido Mai
89%
12 Iin Chiyo
88%
16 Yakuzen Yaku
84%
18 Kedarui Aashii
78%
13 Yamato Nadeshiko
78%
21 Bonnouji Momoha
76%
14 Yasashiki Yamame
75%
22 Baio Rin
74%
23 Hifumi Suu
74%
15 Momi Momiji
74%
19 Nakaji Uto
74%
25 Nekonari Tama
73%
24 Kaho Eira
71%
17 Torotoro Kishika
71%
26 Saiki Himeka
68%
29 Zetsubouda Meru
68%
27 Dei Matsuri
63%
28 Usami Shiina
58%
No matching quizzes found
Score Distribution
Percent of People with Each Score
Percentile by Number Answered
Your Score History
You have not taken this quiz since the last reset